000
002630000a22000970004500
100
1
_a
Cousins, Peter
245
1
0
_a
Luther's poor reform and christian liberty
300
_a
Vol. 6, Num. 2 (Diciembre, 1996), Páginas 263-276
773
0
_t
Vox Scripturae
942
_c
ANA
999
_c
57123
_d
57123